000 00905nam a22002897a 4500
003 CHAP
005 20220329135459.0
008 971013s1979 r 00010 d
010 _a37274
011 _a38246
035 _a42366
040 _cCHAP
090 _aFolleto 11828
110 _aMéxico. Dirección General de Educación Tecnológica Agropecuaria
_976981
245 _aDocumentos para la operación de los planteles
260 _a(s.l.) :
_bLa Dirección,
_c1979
300 _ac.a 45 h
590 _aBATCH-UPD
_b10
_c20130110
_lUCH01
_h1926
590 _aBATCH-UPD
_b10
_c20130410
_lUCH01
_h1251
590 _aBATCH-UPD
_b10
_c20130914
_lUCH01
_h1240
590 _aCONVERSION
_b10
_c20130109
_lUCH01
_h1321
650 1 4 _aEducación agrícola.
_935491
650 1 4 _aEducación técnica.
_935672
901 _aBK
942 _cFOLL
949 _aFolleto 11828
_bBC
_cFOLL
_d-97538
_eTS1
_i42366
_mD
_si
999 _c37274
_d37274